Congreso nacional de educación católica : documento de trabajo.

שמור ב:
מידע ביבליוגרפי
Autores corporativos: Consorcio de Centros Educacionales de la Iglesia, Congreso Nacional de Educación Católica documento de trabajo
פורמט: Procedimiento de la conferencia ספר
שפה:ספרדית
נושאים:
תגים: הוספת תג
אין תגיות, היה/י הראשונ/ה לתייג את הרשומה!

MARC

LEADER 00000cam^a2200000uu^4500
001 000475961
005 20250521000000.0
008 050901s1975^^^^^^^^^^^^rd^r^1000^0^spa^d
009 20260310124815.236
035 |a FCE 000018828 
035 |a FCE 023706 
037 |a Acervo ITESO - Biblioteca 
041 |a spa 
082 0 4 |a 371.452  |b CONc 
110 |a Consorcio de Centros Educacionales de la Iglesia 
245 1 0 |a Congreso nacional de educación católica :  |b documento de trabajo. 
264 |a Lima :  |b CCEI,  |c 1975. 
300 |a 8 v. 
336 |a texto  |b txt  |2 rdacontenido 
337 |a sin mediación  |b n  |2 rdamedio 
338 |a volumen  |b nc  |2 rdasoporte 
596 |a Contiene ocho documentos 
611 4 |a Congreso 
649 |a XX 
650 |a Educación religiosa 
650 |a Catolicismo 
650 |a Carta 
711 |a Congreso Nacional de Educación Católica :  |c Lima, Perú)  |d 29-3 jun./jul. 1975 :  |e documento de trabajo  |n (3 : 
910 |a Fondo Centro de Estudios Educativos 
920 |a Impresos - Libros 
930 |a Fondos Especiales 
905 |a 133 
901 |a ALE023706  |b IT2  |c CEE  |u 20250521 
902 |a https://opac.biblio.iteso.mx/vufind/Record/000475961